000 00795cam a22002777a 4500
003 CHAP
005 20220329134400.0
008 971013s1977 r 00010 d
010 _a19689
011 _a20661
035 _a24749
040 _cCHAP
082 _a574.5
_bD5
245 1 2 _aA dicttionary of the environment
260 _aLondon :
_bMacMillan,
_c1977
300 _a532 p.
590 _aBATCH-UPD
_b10
_c20130110
_lUCH01
_h2235
590 _aBATCH-UPD
_b10
_c20130410
_lUCH01
_h1530
590 _aBATCH-UPD
_b10
_c20130914
_lUCH01
_h1227
590 _aCONVERSION
_b10
_c20130109
_lUCH01
_h1312
650 1 4 _aEcologĂ­a
_xDiccionarios.
_935139
700 0 _aAllaby, Michael.
_94359
901 _aBK
942 _cLIBRO
949 _a574.5 D5
_bBC
_cLIBRO
_d33724000494530
_eC
_h47528
_i24749
_si
999 _c19689
_d19689